000 00511nam a2200217Ia 4500
005 20250425162653.0
008 250425s9999 xx 000 0 und d
020 _a847114221X
041 _aspa
043 _asp
082 _a634.6
100 _aGILABERT, E.
245 0 _aTECNICAS DE PLANTACION DE ESPECIES FRUTALES
250 _aS.E
260 _aEspaƱa
_bEDICIONES MUNDI PRENSA
_c1989
260 _aMADRID
300 _a134
650 _aCULTIVOS DE FRUTALES
942 _c01
010 _a95547
999 _c234044
_d234044